America Central: solidarismo:
Salvato in:
| Natura: | testo |
|---|---|
| Soggetti: | |
| Tags: |
Aggiungi Tag
Nessun Tag, puoi essere il primo ad aggiungerne!!
|
MARC
| LEADER | 00000 a a2200000 04500 | ||
|---|---|---|---|
| 001 | 41757 | ||
| 003 | |||
| 040 | |||
| 245 | |a America Central: |b solidarismo: |c la oferta antisindical | ||
| 650 | |a SOLIDARISMO | ||
| 650 | |a SISTEMAS ECONOMICOS | ||
| 650 | |a SINDICALISMO | ||
| 773 | |g volumen15, número138 (1991), Páginas 20-22 | ||
| 999 | |c 21728 |d 21728 | ||
